000 00699nam a2200241 i 4500
001 57506
003 ES-MaACL
005 20250808004242.0
007 t|
008 031016s1965 sp ||||1| spa d
080 _a308(458)
100 1 _aDolci, Danilo.
_945016
245 1 0 _aDespilfarro /
_cDanilo Dolci ; [version de Genc].
250 _a1ª ed.
260 _aBarcelona :
_bNova Terra,
_c1965.
300 _a380 p., 5 lám. ;
_c21 cm.
490 1 _aEl mundo y los hombres ;
_v10
651 4 _aSicilia-
_xSituación social.
_9173769
830 1 3 _aEl mundo y los hombres
_v10
_9181466
852 4 _aES-MaACL
_jA-6349
852 4 _aES-MaACL
_jP-437-bis-8
999 _c57506
_d57506